00453nam a2200133 a 450000500170000000800410001705000170005810000160007524500790009126000350017052000770020565000140028265000230029620140414132107.0110107s19uu xx 00 eng d aBBbH83 2007 aYolen, Jane aHow do dinosaurs go to school? /cJane Yolen ; illustrated by Mark Teague. aNew York :bScholastic,c2007. aExplains how little dinosaurs should behave during a typical school day. aDinosaurs aBehavior to school